00814nam a2200217 i 4500003000900000005001700009006001900026007000300045008004100048040003000089082001300119110002700132245015900159246003700318246009300355264004400448300002600492336002700518337002300545338002800568DO-SdBNP20230818151635.0a||||gr|||| 00| 0 ta230818n190? rd ||||| |||| 00| 0 spa d aDO-SdBNPbspacBNPHUerda 4222bR426 4República Dominicana10aLey general de cheques (no. 2859). Ley general de bancos (no.708). transferencia internacional de fondos (entrega de divisas al Banco Central) (no. 251. /10aLey general de bancos (no.708). 10aTransferencia internacional de fondos (entrega de divisas al Banco Central), (no. 251. / aSanto Domingo :b[sin editora],c[190?] a35 páginas ;c21 cm 2rdacontentatextobtxt 2rdamediaamediabn 2rdacarrieravolumenbnc